CFIN (Record no. 215881)

MARC details
000 -LEADER
fixed length control field 00498nam a22001937a 4500
008 - FIXED-LENGTH DATA ELEMENTS--GENERAL INFORMATION
fixed length control field 250710b |||||||| |||| 00| 0 eng d
020 ## - INTERNATIONAL STANDARD BOOK NUMBER
International Standard Book Number 978-1-285-43454-4
050 ## - LIBRARY OF CONGRESS CALL NUMBER
Classification number HG 4026 .B47 2015
100 ## - MAIN ENTRY--PERSONAL NAME
Personal name BESLEY, SCOTT
245 ## - TITLE STATEMENT
Title CFIN
250 ## - EDITION STATEMENT
Edition statement 4
260 ## - PUBLICATION, DISTRIBUTION, ETC.
Place of publication, distribution, etc. STAMFORD, CT,
Name of publisher, distributor, etc. CENGAGE LEARNING
Date of publication, distribution, etc. 2015
300 ## - PHYSICAL DESCRIPTION
Extent VIII, 328 P.:ILL
500 ## - GENERAL NOTE
General note INCLUDES INDEX
650 ## - SUBJECT ADDED ENTRY
Topical term or geographic name entry element CORPORATIONS--FINANCE
700 ## - ADDED ENTRY--PERSONAL NAME
Personal name BRIGHAM, EUGENE F.
942 ## - ADDED ENTRY ELEMENTS (KOHA)
Source of classification or shelving scheme Library of Congress Classification
Koha item type Long Loan Book
Holdings
Withdrawn status Lost status Source of classification or shelving scheme Damaged status Not for loan Collection Home library Current library Shelving location Date acquired Inventory number Total checkouts Full call number Barcode Date last seen Copy number Price effective from Koha item type
    Library of Congress Classification     Business & Economics Kisii University Library Kisii University Library On Display 07/10/2025 109075   HG 4026 .B47 2015 000000024034 07/10/2025 1 07/10/2025 Long Loan Book
    Library of Congress Classification     Business & Economics Kisii University Library Kisii University Library On Display 07/10/2025 109076   HG 4026 .B47 2015 000000024033 07/10/2025 2 07/10/2025 Long Loan Book
    Library of Congress Classification     Business & Economics Kisii University Library Kisii University Library On Display 07/10/2025 109077   HG 4026 .B47 2015 000000024032 07/10/2025 3 07/10/2025 Long Loan Book
    Library of Congress Classification     Business & Economics Kisii University Library Kisii University Library On Display 07/10/2025 1090787   HG 4026 .B47 2015 000000024031 07/10/2025 4 07/10/2025 Long Loan Book
    Library of Congress Classification     Business & Economics Kisii University Library Kisii University Library On Display 07/10/2025 1090788   HG 4026 .B47 2015 000000024030 07/10/2025 5 07/10/2025 Long Loan Book